| 000 | 00839nmm a2200241 a 4500 | ||
|---|---|---|---|
| 003 | AR-BaBNM | ||
| 005 | 20251128210321.0 | ||
| 008 | 199119s1978 ||||||||||||||000 | spa|| | ||
| 040 | _cAR-BaBNM | ||
| 110 | 2 | _aConsejo de Rectores de las Universidades Privadas | |
| 245 | 1 | 0 | _a20 años de universidades privadas en la República Argentina |
| 246 | 1 | _aVeinte años de universidades privadas en la República Argentina | |
| 260 |
_aBuenos Aires _bDe Belgrano _c1978 |
||
| 300 | 0 |
_a301 p. _bil. |
|
| 500 | 0 | _aContiene apéndice con datos sobre las Universidades privadas existentes en la República Argentina p. 281-301 | |
| 650 | 4 | _aUNIVERSIDADES PRIVADAS | |
| 651 | 4 | _aArgentina | |
| 653 | _aEDUCACION SUPERIOR | ||
| 653 | _aCREACION DE UNIVERSIDADES | ||
| 653 | _aHISTORIA DE LA UNIVERSIDAD | ||
| 942 | _cBK | ||
| 998 | _cRaquel | ||
| 999 |
_c14923 _d14923 |
||